000 00664nam a2200205Ii 4500
003 JO-AjNU
008 230605s9999||||xx |||||||||||||| ||und||
040 _aJO-AjNU
_bara
_erda
_cJO-AjNU
041 _aara
050 1 4 _aPR881 2010
100 3 _aنصار، نواف,
_eauthor
_911242
245 0 0 _aأعلام الأدب الإنجليزي
250 _aط1
264 3 1 _aعمان: دار المعتز للنشر والتوزيع، 2010
300 _a196ص
336 _atext
_btxt
_2rdacontent
337 _aunmediated
_bn
_2rdamedia
338 _avolume
_bnc
_2rdacarrier
650 4 _aالأدب الإنجليزي - تراجم - أدباء إنجليز
_911243
999 _aA2223
_c5791
_d5791